| 000 | 00767nam a22001817a 4500 | ||
|---|---|---|---|
| 999 |
_c58837 _d58837 |
||
| 005 | 20221006123458.0 | ||
| 008 | 221006s2018 rus||||| |||| 00| 0 ru d | ||
| 020 | _a978553403839 | ||
| 041 | _aru | ||
| 080 | _a341(075.8) П-68 | ||
| 245 |
_aПраво международных организаций : _bУчебник и практикум для бакалавриата и магистратуры / _cПод ред. А. Х. Абашидзе. |
||
| 264 |
_aМосква : _bЮрайт, _c2018. |
||
| 300 |
_a505 стр. _b25 см. |
||
| 653 | _a საერთაშორისო ოგანიზაციები | ||
| 653 | _aსამართალი | ||
| 700 |
_aАбашидзе, А. Х. _eრედაქტორი _915089 |
||
| 942 |
_2udc _cBK |
||